00921cam a22002177a 4500003000500000005001700005008004100022010001000063011001000073035001000083040000900093082001600102245009700118260002900215300001700244505026500261650002800526650003500554650007300589650004100662CHAP20220329140859.0971013s1973 r 00010 d a59173 a60145 a64305 cCHAP a651.264bP7 0aPrograma de adiestramiento para analistas de sistemas de procesamiento automático de datos aMéxico :bDiana,c1973 a5 v. en 8 t. aContenido: v.1 Pte.1 Simplificación del trabajo y creatividad.- v.1 Pte.2 Guía para la simplificación del trabajo de oficina -- v.1 Pte.3 Guía del comportamiento creador -- v.1 Pte.4 Cuaderno de trabajo del comportamiento creador -- v.2 Organización,14aAnálisis de sistemas.14aPersonalxAdministración de.14aProcesamiento automático de datos en administración de empresas.14aProcesamiento automático de datos.